Départements français pour chaque lettre de l'alphabet - Statistiques

Statistiques générales
  • Ce quiz a été pris 43 fois
  • Le résultat moyen est 68 sur 101
Statistiques - réponses
Hint Réponse % Correct
A Ain
97%
L Loire
90%
F Finistère
87%
A Aisne
83%
E Eure
83%
N Nord
83%
A Ardèche
80%
C Cantal
80%
E Eure-et-Loir
80%
H Haut-Rhin
80%
J Jura
80%
Y Yonne
80%
C Cher
77%
D Dordogne
77%
G Gard
77%
G Gers
77%
G Gironde
77%
I Ille-et-Vilaine
77%
L Loiret
77%
O Oise
77%
P Paris
77%
P Pyrénées-Atlantiques
77%
R Rhône
77%
T Tarn
77%
V Var
77%
Y Yvelines
77%
B Bas-Rhin
73%
C Côtes-d'Armor
73%
H Haute-Corse
73%
H Haute-Savoie
73%
I Indre
73%
I Isère
73%
M Marne
73%
M Moselle
73%
R Réunion
73%
A Alpes-Maritimes
70%
B Bouches-du-Rhône
70%
C Corrèze
70%
C Corse-du-Sud
70%
C Creuse
70%
D Doubs
70%
G Guadeloupe
70%
H Hautes-Pyrénées
70%
H Hérault
70%
I Indre-et-Loire
70%
L Loire-Atlantique
70%
L Lot
70%
L Lot-et-Garonne
70%
M Meurthe-et-Moselle
70%
N Nièvre
70%
P Pyrénées-Orientales
70%
T Tarn-et-Garonne
70%
A Allier
67%
A Alpes-de-Haute-Provence
67%
A Aube
67%
A Aude
67%
C Charente
67%
C Charente-Maritime
67%
H Haute-Garonne
67%
H Hautes-Alpes
67%
M Martinique
67%
M Mayotte
67%
S Saône-et-Loire
67%
S Seine-Maritime
67%
V Vaucluse
67%
L Loir-et-Cher
63%
O Orne
63%
S Savoie
63%
S Seine-et-Marne
63%
S Seine-Saint-Denis
63%
A Ariège
60%
A Aveyron
60%
C Calvados
60%
C Côte-d'Or
60%
D Drôme
60%
E Essonne
60%
G Guyane
60%
H Haute-Marne
60%
L Landes
60%
L Lozère
60%
M Mayenne
60%
P Pas-de-Calais
60%
A Ardennes
57%
H Haute-Saône
57%
M Manche
57%
M Meuse
57%
M Morbihan
57%
S Sarthe
57%
S Somme
57%
D Deux-Sèvres
53%
T Territoire de Belfort
53%
H Haute-Loire
53%
H Haute-Vienne
53%
H Hauts-de-Seine
53%
M Maine-et-Loire
53%
V Vienne
53%
V Vosges
53%
V Val-de-Marne
50%
V Val-d'Oise
50%
V Vendée
50%
P Puy-de-Dôme
43%
Aucun quiz correspondant
Distribution des résultats
% des personnes avec chaque résultat
Percentile par nombre de réponses
Votre historique - résultats
Vous n’avez pas pris ce quiz